UM Logo

Basic concepts of algebra / (Record no. 19859)

MARC details
000 -LEADER
fixed length control field 00483nam a22001577a 4500
008 - FIXED-LENGTH DATA ELEMENTS--GENERAL INFORMATION
fixed length control field 240326b ||||| |||| 00| 0 eng d
020 ## - INTERNATIONAL STANDARD BOOK NUMBER
International Standard Book Number 089517006X
082 ## - DEWEY DECIMAL CLASSIFICATION NUMBER
Classification number DC 512.9
Item number M32 1978
100 ## - MAIN ENTRY--PERSONAL NAME
Personal name Manougian, M.N.
9 (RLIN) 55412
245 ## - TITLE STATEMENT
Title Basic concepts of algebra /
Statement of responsibility, etc. M.N. Manougian.
260 ## - PUBLICATION, DISTRIBUTION, ETC. (IMPRINT)
Place of publication, distribution, etc. California :
Name of publisher, distributor, etc. Dellen Publishing Company,
Date of publication, distribution, etc. ©1978.
300 ## - PHYSICAL DESCRIPTION
Extent xiii, 384 pages :
Other physical details illustrations ;
Dimensions 24 cm.
500 ## - GENERAL NOTE
General note Includes index.
650 ## - SUBJECT ADDED ENTRY--TOPICAL TERM
Topical term or geographic name as entry element Algebra.
9 (RLIN) 55712
942 ## - ADDED ENTRY ELEMENTS (KOHA)
Source of classification or shelving scheme Dewey Decimal Classification
Koha item type Circulation
Holdings
Withdrawn status Lost status Source of classification or shelving scheme Damaged status Not for loan Collection code Home library Current library Date acquired Source of acquisition Total Checkouts Full call number Barcode Date last seen Copy number Price effective from Koha item type
    Dewey Decimal Classification     Circulation UM Digos College - LIC UM Digos College - LIC 05/28/1981 Donation   DC 512.9 M31 1978 6689 05/15/2025 1 03/26/2024 Circulation
    Dewey Decimal Classification     Circulation UM Digos College - LIC UM Digos College - LIC 05/28/1981 Donation   DC 512.9 M31 1978 6690 05/15/2025 2 03/26/2024 Circulation